|
|
|
|
| LEADER |
00726nta a2200169 i 4500 |
| 001 |
dipl50258 |
| 005 |
20150323180315.0 |
| 008 |
150323s2013 hu om 0|| zxx d |
| 040 |
|
|
|a SZTE Diploma Repozitórium
|b hun
|
| 041 |
|
|
|a zxx
|
| 100 |
1 |
|
|a Sulumán Ádám Csaba
|
| 245 |
1 |
0 |
|a Környezetközpontúság vizsgálata egy hulladéklerakó szervezetnél
|h [elektronikus dokumentum] /
|c Ádám Csaba Sulumán
|
| 246 |
1 |
0 |
|a Review of the environmental orientation at a Landfill Organisation
|h [elektronikus dokumentum]
|
| 260 |
|
|
|c 2013
|
| 650 |
|
4 |
|a Természettudományok
|
| 700 |
1 |
|
|a Gálfi Márta
|e ths
|
| 856 |
4 |
0 |
|u http://diploma.bibl.u-szeged.hu/id/eprint/50258/1/2013_Sulum%C3%A1n_%C3%81d%C3%A1m_Csaba_SUAQAAT_SZE_SZ.pdf
|z Dokumentum-elérés
|